| 000 | 01235cam a2200289 i 4500 | ||
|---|---|---|---|
| 003 | DO-SdBNP | ||
| 005 | 20231013095951.0 | ||
| 007 | ta | ||
| 008 | 751003s2018 sp 000 0 spa d | ||
| 020 | _a9788439732563 | ||
| 040 |
_aDO-SdBNP _bspa _cBNPHU _erda |
||
| 082 | 4 |
_bP186 _222 |
|
| 100 | 1 |
_aPamuk, Orhan _d1952- _ePremio Nobel de literatura, 2006. _984478 |
|
| 240 | 1 | 0 |
_aKirmizi sacli kadin / _lespañol |
| 245 | 1 | 3 |
_aLa mujer del pelo rojo / _cOrhan Pamuk ; traducción Peblo Moreno González |
| 264 | 1 |
_aBarcelona, España : _bLiteratura Random House, _c2018. |
|
| 300 |
_a281 páginas _c24 cm. |
||
| 336 |
_2rdacontent _atexto _btxt |
||
| 337 |
_2rdamedia _asin mediación _bn |
||
| 338 |
_2rdacarrier _avolumen _bnc |
||
| 500 | _aIncluye datos biografícos del autor en la página 4. | ||
| 500 | _aEl famoso escritor turco Orhan Pamuk, Premio Nobel de Literatura 2006, es el primer autor turco que ganó el máximo galardón mundial de las Letras. Fue elegido uno de los 100 intelectuales del mundo por la revista Time en 2006. Sus obras han sido traducidas a 60 idiomas. | ||
| 590 | _aInventariado, 2023/ YL | ||
| 700 | 1 |
_aGonzález, Pablo Moreno _etraducción _984436 |
|
| 910 | _aYlockward | ||
| 942 |
_2ddc _cLBS1 |
||
| 999 |
_c55166 _d55166 |
||